000 00280nam a22001337a 4500
999 _c160935
_d160935
020 _a
082 _a
_b
100 _aSaroj Mishra
245 _aNirgun kaviyon ki sagun vichardhara/
_cby Saroj Mishra.
260 _a
_b
_c2009.
300 _a
650 _a
942 _cBK